| 000 | 01198nam0a22002891 4500 | ||
|---|---|---|---|
| 001 | v19\rc\1993223 | ||
| 005 | 20260406003113.0 | ||
| 035 | _a(NLR Aleph) 005271374 | ||
| 090 |
_a6003132 _c6003132 |
||
| 100 | _a20080811d1915 |||y0rusy50 ca | ||
| 101 | 0 | _arus | |
| 102 | _aRU | ||
| 105 | _aa z ||||| | ||
| 200 | 1 |
_aПоловое бессилие _eС прил. статей: прив.-доц. А.Г. Гойхбарг "Значение полового бессилия в гражданском (семейном) праве", С.И. Руденко "Половое бессилие в этнографии" _fД-р Л.Я. Якобзон |
|
| 210 |
_aПетроград _cК.Л. Риккер _d1915 |
||
| 215 |
_aVI, 436 с. _cил. _d26 |
||
| 320 | _aБиблиогр.: с. 371-382 | ||
| 700 | 1 |
_8rus _7ca _aЯкобзон _bЛ. Я. _f1873-1943 _gЛюдвиг Яковлевич _3RU\NLR\AUTH\77112647 _995572 |
|
| 801 | 0 |
_aRU _bNLR _c20080811 _gpsbo |
|
| 801 | 0 |
_aRU _bRuMoRGB _c20080811 _2psbo |
|
| 801 | 1 |
_aRU _bProSoft-M _c20080811 _2rusmarc |
|
| 801 | 2 |
_aRU _bNLR _c20120705 _2rusmarc |
|
| 852 |
_aNLR _j37.48.5.60 |
||
| 852 |
_aNLR _j132/536 |
||
| 852 |
_aNLR _bМф _jК1/6974 |
||
| 942 | _cBOOK | ||
| 980 | _aNB | ||